| 000 | 00764cam a22001931 4500 | ||
|---|---|---|---|
| 082 |
_a693.2 _bMOL _cL-14, P-19 |
||
| 100 | 1 | _aMolloy, Edward. | |
| 245 | 1 | 0 |
_aBrickwork and masonry; _ba practical guide to building methods in brick and stone, _cprepared by a staff of technical experts under the direction of E. Molloy. With one hundred and eighty-four illustrations. |
| 260 |
_aBrooklyn, N.Y., _bChemical publishing company, inc., _c1942. |
||
| 300 |
_aiv, 140 p. incl. illus., tables, diagrs. _c23 cm. |
||
| 490 | 0 | _a"Building practice" series, | |
| 526 |
_a0 _b0 _c0 _d693_200000000000000_MOL |
||
| 650 | 0 | _aBricklaying. | |
| 650 | 0 |
_aBricks. _927273 |
|
| 650 | 0 |
_aBuilding stones. _932887 |
|
| 650 | 0 |
_aMasonry. _936353 |
|
| 650 | 0 |
_aMCE _9379 |
|
| 942 |
_2ddc _cBK |
||
| 999 |
_c549081 _d549081 |
||